Learn Windows 98 in a weekend / (Record no. 179665)

000 -LEADER
fixed length control field 00965 a2200229 4500
003 - CONTROL NUMBER IDENTIFIER
control field NUST
005 - DATE AND TIME OF LATEST TRANSACTION
control field 20230602152036.0
010 ## - LIBRARY OF CONGRESS CONTROL NUMBER
LC control number 97069602
020 ## - INTERNATIONAL STANDARD BOOK NUMBER
International Standard Book Number 8175152206 (pbk.)
035 ## - SYSTEM CONTROL NUMBER
System control number (OCoLC)39328435
040 ## - CATALOGING SOURCE
Transcribing agency Nust
082 00 - DEWEY DECIMAL CLASSIFICATION NUMBER
Classification number 005.43,MEA
100 1# - MAIN ENTRY--PERSONAL NAME
Personal name Meadhra, Michael.
9 (RLIN) 60337
245 10 - TITLE STATEMENT
Title Learn Windows 98 in a weekend /
Statement of responsibility, etc. Michael Meadhra, with Faithe Wempen.
260 ## - PUBLICATION, DISTRIBUTION, ETC.
Place of publication, distribution, etc. Rocklin, Calif. :
Name of publisher, distributor, etc. Prima Pub.,
Date of publication, distribution, etc. c1998.
300 ## - PHYSICAL DESCRIPTION
Extent xxi, 376 p. ;
Other physical details ill. ;
Dimensions 24 cm.
440 #0 - SERIES STATEMENT/ADDED ENTRY--TITLE
Title In a weekend
9 (RLIN) 112966
505 ## - FORMATTED CONTENTS NOTE
Formatted contents note Getting To Know Windows 98 (Page-1), Installing And Using Applications (Page-53), Customizing Windows 98 (Page-105), Adding And Configuring Hardware (Page-145), Getting Connected To The Internet And Browsing The Web (Page-203), Reaching Out With Email And News (Page-259), Bringing The Web To Your Desktop (Page-317).
650 #0 - SUBJECT ADDED ENTRY--TOPICAL TERM
Topical term or geographic name entry element Operating systems (Computers)
700 1# - ADDED ENTRY--PERSONAL NAME
Personal name Wempen, Faithe.
9 (RLIN) 57908
942 ## - ADDED ENTRY ELEMENTS (KOHA)
Source of classification or shelving scheme
Koha item type Book
Call number prefix 005.43,MEA
Holdings
Withdrawn status Lost status Source of classification or shelving scheme Damaged status Not for loan Permanent Location Current Location Shelving location Date acquired Full call number Barcode Date last seen Price effective from Koha item type Public note
          Military College of Signals (MCS) Military College of Signals (MCS) General Stacks 12/12/2016 005.43,MEA MCS27752 12/08/2016 12/12/2016 Book Almirah No. 81, Shelf No.1
© 2023 Central Library, National University of Sciences and Technology. All Rights Reserved.